Films cultes en 3 indices ! - Statistiques

Statistiques générales
  • Ce quiz a été pris 573 fois
  • Le résultat moyen est 16 sur 47
Statistiques - réponses
Hint Réponse % Correct
Iceberg, Rose, Orgue Titanic
99%
Hobbit, Anneau, Mordor Le Seigneur des anneaux
97%
Océan, Peur, Requin Les Dents de la mer
93%
Famille, Corruption, Corléone Le Parrain
80%
Delorean, 1955, Doc Retour vers le futur
74%
Rêves, Subconscient, Toupie Inception
63%
Colisée, Vengeance, Empire Gladiator
49%
Savon, Bagarre, Trouble Fight Club
48%
Miami, Drogue, Tony Scarface
48%
Prison, Amitié, Évasion Les Évadés
47%
Joker, Chaos, Gotham The Dark Knight
43%
Sabre, Mariée, Revancharde Kill Bill
40%
Crimes, Enquête, Péchés Seven
40%
Pandora, Na’vi, Humains Avatar
38%
Isla, Clonage, Carnivore Jurassic Park
38%
Courses, Pistons, Animation Cars
36%
Pearl, Tortue, Barbossa Pirates des Caraïbes
35%
Marshal, Hopital, Île Shutter Island
35%
Excès, Bourse, Belfort Le Loup de Wall Street
34%
Débarquement, Fratrie, Sacrifice Il faut sauver le soldat Ryan
33%
Cowboy, Astronaute, Andy Toy Story
33%
Hannibal, Cerveau, Enquête Le Silence des agneaux
31%
Amitié, Handicap, Paris Intouchables
30%
Guerre, Vietnam, Kurtz Apocalypse Now
27%
Espace, Trou, Temps Interstellar
27%
Gaffes, Repas, Appartement Le Dîner de Cons
27%
Pinguin, Melman, Zoo Madagascar
27%
Montée, Combat, Philadelphie Rocky
27%
Adolph, Dîner, Naissance Le Prénom
26%
Las Vegas, Enterrement, Chaos Very Bad Trip
26%
Vincent, Dinner, Malette Pulp Fiction
25%
Tatouages, Amnésie, Polaroid Memento
23%
Supra, Toretto, Course Fast and Furious
22%
Cannes, Parodie, Red La Cité de la peur
22%
Las Vegas, Blackjack, Escrocs Casino
20%
Océan, Demi-dieu, Hei-Hei Vaiana
18%
Tour, Magicien, Rivalité Le prestige
15%
Nazi, Shosanna, Sabotage Inglourious Basterds
14%
Caméra, Vie, Manipulation Truman Show
11%
Twist, Interrogatoire, Mensonge Usual Suspects
11%
Mafia, Espionnage, Taupe Les Infiltrés
10%
Schultz, Esclave, Justicier Django Unchained
9%
Fantôme, Vision, Surprise Sixième Sens
9%
Mort, Guitare, Mémoire Coco
8%
Escroc, Avion, FBI Arrête-moi si tu peux
6%
Manhattan, Obsession, Sang American Psycho
2%
Extraterrestre, Perniflard, Bombé La soupe au Choux
2%
Aucun quiz correspondant
Distribution des résultats
% des personnes avec chaque résultat
Percentile par nombre de réponses
Votre historique - résultats
Vous n’avez pas pris ce quiz